[Event "Challenge"]
[Site "http://www.queenalice.com/game.php?id=1844101"]
[Date "2024.9.22"]
[Round "-"]
[White "JJerzy"]
[Black "arvo1938"]
[Result "0-1"]
[WhiteElo "2214"]
[BlackElo "2287"]

1. d4 d5 2. Nf3 Nf6 3. e3 Bg4 4. Be2 e6 5. c4 dxc4 6. Bxc4 c5 7. Qa4+ Nbd7 8.
Ne5 Bf5 9. Bb5 a6 10. Nxd7 Nxd7 11. Bxd7+ Qxd7 12. Qxd7+ Kxd7 13. dxc5 Bxc5 14.
Ke2 Rhd8 15. Nd2 Ke7 16. e4 Bg6 17. f3 Rac8 18. Rd1 Bd6 19. h3 Rc2 20. Kd3 Rdc8
21. g4 h5 22. Rh1 f6 23. Ke2 hxg4 24. hxg4 Bf4 25. b3 Rd8 26. Rd1 f5 27. gxf5
exf5 28. exf5 Bxf5 29. Ke1 Kf7 30. Ne4 Rh8 31. Nf2 Bg3 32. Rd2 Rxd2 33. Kxd2
Bxf2 34. Ba3 Rh2 35. Kc3 Bh4 0-1

[Event "Challenge"]
[Site "http://www.queenalice.com/game.php?id=1844102"]
[Date "2024.9.22"]
[Round "-"]
[White "arvo1938"]
[Black "JJerzy"]
[Result "0-1"]
[WhiteElo "2297"]
[BlackElo "2204"]

1. f4 d5 2. Nf3 Nf6 3. d3 g6 4. e3 Bg7 5. Nc3 Bf5 6. Be2 O-O 7. O-O Nc6 8. Ne5
a6 9. Bd2 Qd6 10. d4 Nb4 11. g4 Bxc2 12. Qc1 Be4 13. Nxe4 Nxe4 14. Bxb4 Qxb4 15.
a3 Qd2 16. Qxd2 Nxd2 17. Rfc1 Nb3 18. Rab1 Nxc1 19. Rxc1 c6 20. Nd7 Rfd8 21. Nb6
Rab8 22. b4 f6 23. Kf2 e5 24. f5 Bf8 25. h4 Bd6 26. dxe5 Bxe5 27. Bd3 Kf7 28.
fxg6+ hxg6 29. Na4 Bd6 30. h5 gxh5 31. gxh5 Rg8 32. Bg6+ Rxg6 33. hxg6+ Kxg6 34.
Nc5 Bxc5 35. bxc5 Kf5 36. Kf3 Ke6 37. Kf4 Kd7 38. Rb1 Kc7 39. e4 dxe4 40. Kxe4
Re8+ 41. Kf5 Re5+ 42. Kxf6 Rxc5 43. Ke6 Rc3 44. Ke5 Rxa3 45. Kd4 b5 46. Kc5 Rc3+
47. Kb4 Rc4+ 48. Kb3 a5 49. Rh1 a4+ 50. Kb2 Kb6 51. Rh8 Ka5 52. Ra8+ Kb4 0-1

[Event "Challenge"]
[Site "http://www.queenalice.com/game.php?id=1846331"]
[Date "2024.10.28"]
[Round "-"]
[White "JJerzy"]
[Black "mario48"]
[Result "0-1"]
[WhiteElo "2219"]
[BlackElo "2196"]

1. d4 d5 2. Nf3 Nf6 3. e3 e6 4. c4 Nc6 5. Nc3 Be7 6. a3 O-O 7. Bd3 dxc4 8. Bxc4
a6 9. O-O b5 10. Ba2 Bb7 11. Bb1 Nd5 12. Qd3 f5 13. e4 Nxc3 14. bxc3 Na5 15.
exf5 exf5 16. Re1 Bd5 17. Ba2 Bxa2 18. Rxa2 Nc4 19. Nd2 Nxd2 20. Rxd2 c5 21. Re5
Qc7 22. Rxf5 cxd4 23. Rxf8+ Rxf8 24. Qxd4 Bf6 25. Qd5+ Kh8 26. Rc2 Rd8 27. Qf3
Qe5 28. Be3 Qe7 29. Rd2 Rf8 30. Rd3 Qxa3 31. g3 a5 32. Qf5 Qb3 33. Kg2 a4 34.
Bc5 Be7 35. Qe5 Bxc5 36. Qxc5 Qf7 37. Rd2 Qf3+ 38. Kg1 Re8 39. Qe3 Qa8 0-1

[Event "Challenge"]
[Site "http://www.queenalice.com/game.php?id=1846332"]
[Date "2024.10.28"]
[Round "-"]
[White "mario48"]
[Black "JJerzy"]
[Result "1-0"]
[WhiteElo "2209"]
[BlackElo "2206"]

1. e4 c5 2. Nf3 d6 3. d4 cxd4 4. Bb5+ Bd7 5. Nxd4 Nf6 6. Nc3 e6 7. O-O Be7 8.
Be3 O-O 9. Bxd7 Nbxd7 10. Ndb5 Nb6 11. Bf4 e5 12. Bg5 Ne8 13. Bxe7 Qxe7 14. Qd3
a6 15. Na3 Rc8 16. Rad1 Rc6 17. Rfe1 g6 18. Nd5 Nxd5 19. exd5 Rc8 20. f4 f6 21.
c3 Ng7 22. Rf1 Nf5 23. Rde1 Qc7 24. Kh1 Qb6 25. Re2 Qc5 26. Nc2 Qc4 27. Qxc4
Rxc4 28. g3 Rc5 29. Rd2 a5 30. g4 Ne7 31. fxe5 fxe5 32. Rxf8+ Kxf8 33. Ne3 b5
34. Kg2 b4 35. Rf2+ Kg7 36. c4 a4 37. b3 axb3 38. axb3 Ra5 39. Rb2 Ra7 40. Nc2
Rb7 41. Ra2 g5 42. Kf3 Ng6 43. Ne3 Ne7 44. Ra6 Nc8 45. Nf5+ Kg8 46. Nxd6 Nxd6
47. Rxd6 Rf7+ 48. Ke3 1-0

[Event "Challenge"]
[Site "http://www.queenalice.com/game.php?id=1850607"]
[Date "2025.1.19"]
[Round "-"]
[White "JJerzy"]
[Black "princesher"]
[Result "1-0"]
[WhiteElo "2199"]
[BlackElo "2039"]

1. d4 d5 2. Nf3 h6 3. Bf4 Nc6 4. e3 a6 5. c4 e6 6. Nc3 Bb4 7. Rc1 Bxc3+ 8. Rxc3
g5 9. Be5 f6 10. Bg3 h5 11. h3 h4 12. Bh2 Na7 13. cxd5 exd5 14. Bxc7 Qe7 15. Bb6
Nc6 16. Bd3 Rh6 17. a3 f5 18. Nh2 f4 19. Be2 Qf7 20. O-O Nf6 21. exf4 gxf4 22.
Ng4 Nxg4 23. Bxg4 Bxg4 24. Qxg4 Ne7 25. Bc7 Qf5 26. Qxf5 Nxf5 27. Bxf4 Re6 28.
Be5 Kd7 29. Rc7+ Ke8 30. Rfc1 b5 31. Rh7 Rh6 32. Rcc7 Rxh7 33. Rxh7 Rc8 34. Rh8+
Kd7 35. Rxc8 Kxc8 36. g4 hxg3 37. fxg3 Kd7 38. h4 Ke7 39. Kf2 a5 40. h5 Kf7 41.
g4 Nh6 42. Kf3 Kg8 43. Kf4 Kf7 44. Kg5 Nxg4 45. Kxg4 Kg8 46. h6 Kh7 47. Bg7 Kg6
48. b3 a4 49. b4 Kh7 50. Kf5 Kg8 51. Ke6 Kh7 52. Kxd5 Kg6 53. Kc5 Kh7 54. d5 Kg8
55. d6 Kf7 56. d7 Ke7 57. h7 Kxd7 58. h8=Q Ke6 59. Qe8+ Kf5 60. Kd4 Kg5 61. Ke4
Kg4 62. Qg6+ Kh3 63. Kf3 Kh4 64. Qg4# 1-0

[Event "Challenge"]
[Site "http://www.queenalice.com/game.php?id=1850608"]
[Date "2025.1.19"]
[Round "-"]
[White "princesher"]
[Black "JJerzy"]
[Result "0-1"]
[WhiteElo "2029"]
[BlackElo "2206"]

1. e4 c5 2. c4 e5 3. Nc3 d6 4. h3 Nf6 5. d3 Be7 6. Bg5 Nbd7 7. Bxf6 Nxf6 8. Be2
O-O 9. Nf3 h6 10. a3 Be6 11. b4 cxb4 12. axb4 a6 13. b5 a5 14. O-O Nh7 15. Ra4
Ng5 16. Nxg5 Bxg5 17. Bg4 b6 18. Bxe6 fxe6 19. g3 Rf7 20. Qg4 Qe7 21. h4 Bf6 22.
Ne2 Raf8 23. Kg2 Qd7 24. Qh5 d5 25. g4 g5 26. hxg5 Bxg5 27. exd5 exd5 28. Nc3
dxc4 29. dxc4 Qd3 30. Nd5 Kg7 31. Nxb6 Rf3 32. Ra2 Rg3+ 33. fxg3 Qxf1+ 34. Kh2
Rf2+ 35. Rxf2 Qxf2+ 36. Kh1 Qxb6 37. Qe8 Qb7+ 38. Kh2 Qe7 39. Qa8 Qc7 40. Qd5
Be7 41. Qe6 Qd6 42. Qf5 a4 43. Qf2 a3 44. Kh3 Qd4 45. Qc2 Qg1 46. g5 h5 47. Qe4
Qd4 48. Qb7 Qc5 49. Kh4 a2 50. Qa6 Qxc4+ 51. Kxh5 Qe2+ 52. Kh4 Qe4+ 53. Kh5 Qh1+
54. Kg4 a1=Q 55. Qe6 Qe4+ 56. Kh5 Qah1+ 57. Qh3 Qxh3# 0-1

[Event "Challenge"]
[Site "http://www.queenalice.com/game.php?id=1852067"]
[Date "2025.2.12"]
[Round "-"]
[White "JJerzy"]
[Black "pizzaiolo72"]
[Result "1-0"]
[WhiteElo "2213"]
[BlackElo "2128"]

1. d4 c5 2. e3 cxd4 3. exd4 d5 4. Nf3 Nf6 5. Bd3 Bg4 6. Nbd2 Nc6 7. c3 e6 8. O-O
Bd6 9. Re1 O-O 10. h3 Bh5 11. Qb3 Rb8 12. Qc2 Bg6 13. Bxg6 hxg6 14. Ng5 e5 15.
dxe5 Nxe5 16. Ngf3 Re8 17. Nxe5 Rxe5 18. Rxe5 Bxe5 19. Nf3 Qd6 20. Nxe5 Qxe5 21.
Be3 a6 22. Bd4 Qf5 23. Qxf5 gxf5 24. Bxf6 gxf6 25. Rd1 Rd8 26. f3 Kg7 27. Kf2
Kg6 28. Rd4 Kg5 29. g3 b5 30. h4+ Kh5 31. Ke3 Re8+ 32. Kf4 Re5 33. a4 Re2 34.
axb5 Rxb2 35. bxa6 Ra2 36. Kxf5 Rxa6 37. Rxd5 Rc6 38. c4 Rxc4 39. Kxf6+ Kh6 40.
Kxf7 Rc7+ 41. Kf6 Rc3 42. Rf5 Rc6+ 43. Ke5 Rc5+ 44. Ke4 Rc4+ 45. Kd3 Ra4 46. g4
Ra3+ 47. Ke2 Ra2+ 48. Ke3 Ra3+ 49. Kf4 Ra4+ 50. Kg3 Kg6 51. h5+ Kh6 52. Kh4 Kg7
53. Kg5 Ra6 54. h6+ Kh7 55. f4 Rg6+ 56. Kh4 Rxh6+ 57. Rh5 1-0

[Event "Challenge"]
[Site "http://www.queenalice.com/game.php?id=1852068"]
[Date "2025.2.12"]
[Round "-"]
[White "pizzaiolo72"]
[Black "JJerzy"]
[Result "0-1"]
[WhiteElo "2119"]
[BlackElo "2222"]

1. e4 c5 2. Nf3 d6 3. d4 cxd4 4. Nxd4 a6 5. Nc3 Nf6 6. Bg5 e6 7. Qf3 Be7 8.
O-O-O O-O 9. h4 Qc7 10. h5 Ne8 11. Qg3 Bxg5+ 12. Qxg5 h6 13. Qh4 Nc6 14. g4 f6
15. f4 Nxd4 16. Rxd4 e5 17. Rc4 Qa5 18. Ra4 Qc5 19. Nd5 b5 20. Rb4 Be6 21. a3
Bxd5 22. exd5 Qxd5 23. Bd3 Qc5 24. fxe5 dxe5 25. Rd1 Nd6 26. Rb3 Nc4 27. Qe1
Qe3+ 28. Kb1 Qxe1 29. Rxe1 Nd2+ 30. Ka2 Nxb3 31. Kxb3 Rfd8 32. a4 bxa4+ 33. Kxa4
Rd4+ 34. Ka5 Rxg4 35. Be4 Rb8 36. b4 Rb5+ 37. Kxa6 Rxb4 38. Bd5+ Kf8 39. c4
Rgxc4 40. Bxc4 Rxc4 41. Kb5 Rh4 42. Kc5 Rxh5 43. Kd5 Kf7 44. Ra1 Rh2 45. Ra7+
Kg6 46. Ke4 Rf2 47. Ke3 Rf4 48. Rb7 h5 49. Rb2 Kg5 50. Rg2+ Rg4 51. Rh2 h4 52.
Kf2 f5 53. Kf3 e4+ 54. Ke3 Rg3+ 55. Kf2 Kg4 56. Kf1 h3 57. Rh1 Rg2 58. Rg1 Rxg1+
59. Kxg1 Kg3 60. Kh1 e3 61. Kg1 e2 0-1

[Event "Challenge"]
[Site "http://www.queenalice.com/game.php?id=1856127"]
[Date "2025.4.24"]
[Round "-"]
[White "JJerzy"]
[Black "LAIRE"]
[Result "1-0"]
[WhiteElo "2259"]
[BlackElo "2217"]

1. d4 e6 2. Nf3 d5 3. e3 Nf6 4. c4 b6 5. Nc3 Bb7 6. Bd3 dxc4 7. Bxc4 Nbd7 8. O-O
Bb4 9. Bd2 O-O 10. a3 Bxc3 11. Bxc3 Ne4 12. Rc1 c5 13. Qe2 Rc8 14. Ba6 Bxa6 15.
Qxa6 Rc7 16. Qe2 Qe7 17. Rfd1 Nxc3 18. Rxc3 Rfc8 19. d5 exd5 20. Rxd5 Qe4 21.
Qd3 Nf6 22. Qxe4 Nxe4 23. Rcd3 Kf8 24. Kf1 Nf6 25. Ke2 Nxd5 26. Rxd5 f6 27. Ne1
Ke7 28. Rd3 Rd7 29. g3 Rxd3 30. Nxd3 h5 31. Nf4 c4 32. h4 Rc5 33. Kd2 b5 34. Kc3
a5 35. Kd4 Kd6 36. e4 g5 37. Nxh5 gxh4 38. Nxf6 hxg3 39. fxg3 Rg5 40. g4 Ke6 41.
Nd5 Kd6 42. Ne3 Kc6 43. a4 bxa4 44. Kxc4 1-0

[Event "Challenge"]
[Site "http://www.queenalice.com/game.php?id=1856128"]
[Date "2025.4.24"]
[Round "-"]
[White "LAIRE"]
[Black "JJerzy"]
[Result "0-1"]
[WhiteElo "2228"]
[BlackElo "2248"]

1. d4 d5 2. c4 e6 3. Nc3 Nf6 4. Bg5 Nbd7 5. e3 Be7 6. Nf3 c6 7. Rc1 Bb4 8. cxd5
exd5 9. Bd3 O-O 10. a3 Bxc3+ 11. Rxc3 Qe8 12. b4 Ne4 13. Rc1 Nxg5 14. Nxg5 Nf6
15. Qc2 g6 16. O-O Nh5 17. Nf3 Ng7 18. Rb1 Bf5 19. Rfc1 Bxd3 20. Qxd3 Nf5 21. b5
f6 22. bxc6 bxc6 23. Qa6 Qc8 24. Qxc6 Qxc6 25. Rxc6 Rac8 26. Rbc1 Rxc6 27. Rxc6
Ne7 28. Rc7 Rc8 29. Rxc8+ Nxc8 30. Nd2 Nd6 31. Kf1 Kf7 32. a4 Ke6 33. Ke2 f5 34.
Kd3 h6 35. f3 Nc8 36. Kc3 a5 37. Nb3 Nb6 38. Nxa5 Nxa4+ 39. Kb3 Nb6 40. Kc3 Nd7
41. Kd3 Nf6 42. Nb7 Ke7 43. Nc5 Kf7 44. e4 fxe4+ 45. fxe4 dxe4+ 0-1

[Event "Challenge"]
[Site "http://www.queenalice.com/game.php?id=1859891"]
[Date "2025.7.14"]
[Round "-"]
[White "JJerzy"]
[Black "Donidon"]
[Result "1-0"]
[WhiteElo "2291"]
[BlackElo "2185"]

1. d4 Nf6 2. Nf3 d5 3. e3 e6 4. c4 c6 5. Nc3 Bb4 6. Bd2 O-O 7. a3 Bd6 8. Bd3
Nbd7 9. O-O dxc4 10. Bxc4 Nb6 11. Bd3 Qc7 12. Rc1 h6 13. Nb5 1-0

[Event "Challenge"]
[Site "http://www.queenalice.com/game.php?id=1862172"]
[Date "2025.8.26"]
[Round "-"]
[White "JJerzy"]
[Black "Taurus"]
[Result "1-0"]
[WhiteElo "2318"]
[BlackElo "2218"]

1. d4 d5 2. Nf3 Nc6 3. c4 e6 4. e3 Nf6 5. Nc3 Be7 6. a3 O-O 7. Bd3 Bd7 8. O-O
Na5 9. c5 b6 10. b4 Nc4 11. Bxc4 1-0

[Event "Challenge"]
[Site "http://www.queenalice.com/game.php?id=1863678"]
[Date "2025.9.30"]
[Round "-"]
[White "LAIRE"]
[Black "JJerzy"]
[Result "1-0"]
[WhiteElo "2227"]
[BlackElo "2327"]

1. d4 d5 2. c4 e6 3. Nc3 Nf6 4. Bg5 Be7 5. e3 c6 6. Nf3 Nbd7 7. Rc1 Qa5 8. cxd5
exd5 9. Bd3 O-O 10. O-O Re8 11. Qc2 g6 12. a3 Qd8 13. b4 a6 14. Na4 Kg7 15. Nc5
Nxc5 16. bxc5 Nh5 17. Bxe7 Qxe7 18. Rb1 Nf6 19. Ne5 Qc7 20. Rb3 Ng4 21. Nxg4
Bxg4 22. Rfb1 Reb8 23. Qb2 Bc8 24. Rb6 a5 25. e4 Ra7 26. e5 Qe7 27. Rxc6 bxc6
28. Qxb8 Qd7 29. f4 Rb7 30. Qd6 Qe8 31. Rxb7 Bxb7 32. f5 Bc8 33. fxg6 hxg6 34.
Qc7 Qd7 35. Qxa5 Qg4 36. Qc3 Qd1+ 37. Kf2 Qh5 38. Kg1 Qd1+ 39. Bf1 Ba6 40. Qf3
Bxf1 41. Qxd1 1-0